000 00886nam a2200217 a 4500
001 000025425
005 20200930023759.0
008 110216s1992 dr 000 0 spa d
040 _aDO-SdBNP
_bspa
_cBNPHU
082 _a332.31
_bR426d
245 0 0 _aRepública Dominicana :
_bmercados financieros rurales y movilizaciones de depósitos /
_ceditor Claudio González Viga.
260 _aSanto Domingo :
_bPrograma Servicios Financieros Rurales,
_c1992.
300 _a280 p. ;
_c23 cm.
590 _aInventariado, 2018/MFF
650 4 _aInstituciones financieras
_zRepública Dominicana
_96015
650 4 _aMercado de capitales
_zRepública Dominicana
_96292
650 4 _aDistribución del ingreso
_zRepública Dominicana
_96293
650 4 _aCrédito agrícola
_zRepública Dominicana
_96294
700 1 _aGonzález Vega, Claudio,
_eed.
_96295
910 _aValidado. Control de calidad EMS
999 _c24917
_d24917